01286nam a2200313Ia 4500001001200000003000800012006001900020007001500039008004100054010001700095020001800112020001500130040002100145035002100166050002500187100003200212245011500244260006100359300002400420490004300444504006400487533015200551650002700703650002600730655002900756710001700785830004400802856012600846ebr10361914CaPaEBRm u cr cn|||||||||090825s2009 si a sb 001 0 eng d z 2009277983 z9789812834980 z9812834982 aCaPaEBRcCaPaEBR a(OCoLC)61363617114aTA347.F5bV65 2009eb1 aVoller, V. R.q(Vaughan R.)10aBasic control volume finite element methods for fluids and solidsh[electronic resource] /cVaughan R. Voller. aSingapore ;aHackensack, NJ :bWorld Scientific,cc2009. axiv, 170 p. :bill.1 aIISc research monograph series ;vv. 1 aIncludes bibliographical references (p. 167-168) and index. aElectronic reproduction.bPalo Alto, Calif. :cebrary,d2011.nAvailable via World Wide Web.nAccess may be limited to ebrary affiliated libraries. 0aFinite element method. 0aFinite volume method. 7aElectronic books.2local2 aebrary, Inc. 0aIISc research monograph series ;vv. 1.40uhttp://site.ebrary.com/lib/rucke/Doc?id=10361914zAn electronic book accessible through the World Wide Web; click to view